000 00985 a2200229 4500
001 43900
005 20260407155720.0
008 260407a2017 arg spa d
003 AR-UNSa-BCEJYS
040 _aAR-UNSa-BCEJYS
_bspa
_cAR-UNSa-BCEJYS
080 _a338.45
_xIndustria como sector económico. Producción comercial, industrial
245 1 0 _aThe industrial revolution
_pa very short introduction
020 _a978-0-19-870678-6
264 1 _aNew York :
_bOxford University Press
_c2017
300 _axviii, 150 p.
_c17 cm.
505 _a1. Then and now - 2. The pre-industrial revolution, 1500-1700 - 3. Why the industrial revolution was british - 4. The condition of england - 5. Reform and democracy - 6. The spread of the industrial revolution abroad
041 _aspa
942 _cBK
590 _aniveau_biblio:m niveau_hierar:0
100 1 _aAllen, Robert C.
856 4 1 _uhttps://biblioeco.unsa.edu.ar/pmb/images/libros/L126787.jpg
_yImagen de portada
_qimage/jpeg
999 _c3753
_d3753